Pabianice - quiz wielokrotnego wyboru - Statystyki

Ogólne statystyki
  • Ten quiz został rozwiązany 10 razy
  • Średni wynik to 9 z 10
Statystyki odpowiedzi
Zagadnienie Odpowiedź % Poprawnych
Tramwaj, której linii łączy Pabianice z Łodzią? 41
100%
Jaka rzeka przepływa przez Pabianice? Dobrzynka
100%
Jakie tablice rejestracyjne przypisane są powiatowi pabianickiemu? EPA
100%
Który z poniższych zdjęć nie przedstawia Pabianic?
88%
Który ze znanych polskich piłkarzy/trenerów urodził się w Pabianicach? Paweł Janas
88%
Która z poniższych osób jest patronem Pabianic? św. Maksymilian Kolbe
88%
Który rodzaj przemysłu kojarzy się z historią Pabianic? włókienniczy
88%
Która z mniejszości zamieszkiwała w Pabianicach w XIX wieku? Żydzi
88%
Co oznaczają trzy korony w herbie Pabianic? 3 królów, którzy regularnie odwiedziali miasto
75%
W którym roku Pabianice uzyskały prawa miejskie? 1297
63%
Nie znaleziono quizów pasujących do podanych kryteriów
Rozkład punktacji
Procent ludzi z każdym wynikiem
Percentyl według liczby udzielonych odpowiedzi
Twoja historia wyników
Nie rozwiązałeś tego quizu